Средневековая Москва; Moscow in the middle ages: учебное пособие

Podrobná bibliografie
Hlavní autor: Щербакова О. М. Ольга Маратовна
Shrnutí:В учебном пособии описывается история Москвы, рассказывается о самых известных исторических личностях: Василии III, Елене Глинской, Иване Грозном. Тексты адаптированы и сопровождаются большим количеством различных упражнений. После каждого текста имеется русско-английский словник. В книгу включён и иллюстративный материал, способствующий лучшему пониманию текста. Для иностранных студентов, изучающих русский язык.
Jazyk:ruština
angličtina
Vydáno: Москва, Флинта, 2007
Edice:Русский язык как иностранный
Témata:
Médium: MixedMaterials Kniha
KOHA link:https://koha.lib.tpu.ru/cgi-bin/koha/opac-detail.pl?biblionumber=153572

MARC

LEADER 00000nam0a2200000 4500
001 153572
005 20231101221712.0
010 |a 9785976500266  |b (Флинта)  |b 1000 экз.  |b (Наука) 
010 |a 978-5-02-034577-5 
021 |a RU  |b 07-40560  |9 07-2176 
035 |a (RuTPU)RU\TPU\book\166601 
090 |a 153572 
100 |a 20070712d2007 m y0rusy5002 ca 
101 0 |a rus  |a eng 
102 |a RU 
105 |a a j 000zy 
200 1 |a Средневековая Москва  |a Moscow in the middle ages  |e учебное пособие  |f О. М. Щербакова 
210 |a Москва  |c Флинта  |c Наука  |d 2007 
215 |a 240 с.  |c ил. 
225 1 |a Русский язык как иностранный 
330 |a В учебном пособии описывается история Москвы, рассказывается о самых известных исторических личностях: Василии III, Елене Глинской, Иване Грозном. Тексты адаптированы и сопровождаются большим количеством различных упражнений. После каждого текста имеется русско-английский словник. В книгу включён и иллюстративный материал, способствующий лучшему пониманию текста. Для иностранных студентов, изучающих русский язык. 
606 0 |a Русский язык для иностранцев  |x Учебники и пособия  |2 RuMRKP 
606 0 |a Москва  |x История древняя  |x Хрестоматии для иностранцев  |2 RuMRKP 
606 1 |a Русский язык  |x Для других народов  |x Учебные руководства и пособия   |2 stltpush  |3 (RuTPU)RU\TPU\subj\26400  |9 50340 
610 1 |a русский язык как иностранный 
610 1 |a лексика 
610 1 |a хрестоматии 
610 1 |a Московское государство 
610 1 |a история 
610 1 |a 15 век 
610 1 |a исторические деятели 
610 1 |a государственные деятели 
610 1 |a средние века 
610 1 |a учебные пособия 
610 1 |a русский язык для иностранцев 
686 |a Ш141.2-96  |2 rubbk 
700 1 |a Щербакова  |b О. М.  |g Ольга Маратовна  |4 070 
801 1 |a RU  |b 63413507  |c 20090213  |g PSBO 
801 2 |a RU  |b 63413507  |c 20120517  |g PSBO 
900 |a Русский язык как иностранный 
942 |c BK 
959 |a 25/20090211  |d 1  |e 0  |f ЧЗИЛ:1